100 Largest Cities in Mexico - Statistics

General Stats
  • This quiz has been taken 153 times
  • The average score is 34 of 100
Answer Stats
Rank City % Correct
1 Mexico City
100%
4 Guadalajara
95%
9 Monterrey
91%
15 Cancún
89%
6 Tijuana
87%
3 Puebla
84%
5 Ciudad Juárez
82%
7 León
78%
13 Mérida
78%
23 Acapulco
73%
12 Chihuahua
69%
20 Mexicali
69%
65 Oaxaca
66%
34 Veracruz
62%
36 Toluca
61%
17 Aguascalientes
55%
19 San Luis Potosí
55%
31 Durango
54%
2 Ecatepec de Morelos
51%
26 Torreón
51%
27 Querétaro
50%
14 Hermosillo
49%
72 Puerto Vallarta
47%
8 Zapopan
46%
30 Morelia
45%
16 Saltillo
45%
48 Cuernavaca
42%
67 Campeche
41%
93 Colima
41%
18 Culiacán
41%
10 Nezahualcóyotl
41%
29 Tuxtla Gutiérrez
41%
38 Xalapa-Enríquez
41%
64 La Paz
40%
43 Nuevo Laredo
40%
25 Reynosa
39%
52 Ciudad Victoria
36%
37 Matamoros
36%
55 Tampico
36%
41 Mazatlán
35%
83 Chetumal
33%
54 Villahermosa
33%
57 Ensenada
32%
100 Córdoba
31%
46 Tepic
30%
75 Playa del Carmen
29%
81 Ciudad del Carmen
28%
51 Ciudad Obregón
28%
22 | 97 Guadalupe
28%
60 Los Mochis
28%
11 Naucalpan
28%
69 Nogales
28%
71 Coatzacoalcos
26%
94 Manzanillo
25%
45 Irapuato
24%
90 Piedras Negras
22%
28 Tlaquepaque
22%
49 Celaya
21%
70 Monclova
21%
39 Tonalá
21%
21 Chimalhuacán
20%
89 Minatitlán
20%
44 Xico
20%
40 San Nicolás de los Garza
19%
74 Tapachula de Córdova y Ordóñez
19%
35 Cuautitlán Izcalli
18%
87 Salamanca
18%
63 Tehuacán
18%
24 Tlalnepantla
18%
42 General Escobedo
17%
47 Ixtapaluca
17%
92 San Juan del Río
17%
98 Ciudad Acuña
16%
32 Ciudad Apodaca
16%
77 Ciudad Madero
16%
62 Gómez Palacio
16%
50 Ojo de Agua
16%
76 Buenavista
15%
59 Ciudad Santa Catarina
15%
85 San Cristóbal de las Casas
15%
84 San Luis Río Colorado
15%
73 Ciudad Benito Juárez
13%
33 Ciudad López Mateos
13%
53 Ciudad Nicolás Romero
13%
58 Soledad de Graciano Sánchez
11%
82 Chicoloapan de Juárez
10%
86 Jiutepec
10%
91 Miramar
10%
61 Uruapan del Progreso
10%
78 Chalco de Díaz Covarrubias
9%
80 Poza Rica de Hidalgo
9%
56 San Francisco Coacalco
9%
68 San Pablo de las Salinas
9%
95 Tepexpan
9%
99 Villa de Álvarez
8%
66 Pachuca de Soto
7%
96 Zamora de Hidalgo
5%
88 Cuautla de Morelos
3%
79 Chilpancingo de los Bravo
1%
No matching quizzes found
Score Distribution
Percent of People with Each Score
Percentile by Number Answered
Your Score History
You have not taken this quiz